[Event "Championnat de France Universitaire 2017"]
[Site "Strasbourg"]
[Date "2017.01.21"]
[Round "5.3"]
[White "Pieri, Pierre-Louis"]
[Black "Aubry, Yannis"]
[Result "0-1"]
[BlackElo "2226"]
[WhiteElo "2126"]
[LiveChessVersion "1.4.8"]

1. e4 {[%clk 0:15:07]} c5 {[%clk 0:15:10]} 2. Nf3 {[%clk 0:15:10]} e6
{[%clk 0:15:14]} 3. d4 {[%clk 0:15:12]} cxd4 4. Nxd4 Nf6 {[%clk 0:15:21]} 5. Bd3
{[%clk 0:14:44]} Nc6 {[%clk 0:15:14]} 6. c3 {[%clk 0:14:20]} Qc7 {[%clk 0:12:19]}
7. O-O {[%clk 0:14:10]} a6 {[%clk 0:12:21]} 8. f4 {[%clk 0:13:41]} Bc5
{[%clk 0:09:49]} 9. e5 {[%clk 0:11:31]} Nxd4 {[%clk 0:09:05]} 10. cxd4
{[%clk 0:11:28]} Bxd4+ {[%clk 0:09:07]} 11. Kh1 {[%clk 0:11:32]} Nd5
{[%clk 0:09:04]} 12. Na3 {[%clk 0:09:53]} Bc5 {[%clk 0:07:59]} 13. Be4
{[%clk 0:09:12]} b5 {[%clk 0:06:54]} 14. Bd2 {[%clk 0:04:00]} Bb7
{[%clk 0:06:49]} 15. Rc1 {[%clk 0:04:04]} Qb6 {[%clk 0:05:46]} 16. b4
{[%clk 0:02:13]} Be3 {[%clk 0:04:58]} 17. Bxe3 {[%clk 0:01:11]} Nxe3
{[%clk 0:05:01]} 18. Qf3 {[%clk 0:01:15]} Nxf1 {[%clk 0:04:35]} 19. Bxb7
{[%clk 0:01:18]} Nd2 {[%clk 0:04:38]} 20. Qd3 {[%clk 0:00:34]} Qxb7
{[%clk 0:04:42]} 21. Qxd2 {[%clk 0:00:37]} O-O {[%clk 0:04:25]} 22. Nb1
{[%clk 0:00:40]} Rac8 {[%clk 0:04:27]} 23. Rd1 {[%clk 0:00:37]} Rc4
{[%clk 0:04:20]} 24. Nc3 {[%clk 0:00:36]} Rfc8 {[%clk 0:04:22]} 25. Ne2
{[%clk 0:00:26]} Rc2 {[%clk 0:04:17]} 26. Qd3 {[%clk 0:00:26]} h6
{[%clk 0:04:08]} 27. Nd4 {[%clk 0:00:16]} Qxg2# {[%clk 0:04:11]} 0-1

[Event "Championnat de France Universitaire 2017"]
[Site "Strasbourg"]
[Date "2017.01.21"]
[Round "5.4"]
[White "Abdelmoumen, Oussama"]
[Black "Ronce, Nathan"]
[Result "1-0"]
[BlackElo "2170"]
[WhiteElo "1932"]
[LiveChessVersion "1.4.8"]

1. e4 {[%clk 0:15:08]} c5 {[%clk 0:15:09]} 2. c3 {[%clk 0:15:11]} Nf6
{[%clk 0:15:10]} 3. e5 {[%clk 0:15:14]} Nd5 {[%clk 0:15:14]} 4. Bc4
{[%clk 0:15:18]} e6 {[%clk 0:15:02]} 5. d4 {[%clk 0:15:05]} cxd4 {[%clk 0:15:05]}
6. Bxd5 {[%clk 0:15:06]} exd5 {[%clk 0:15:08]} 7. Qxd4 {[%clk 0:15:09]} Qa5
{[%clk 0:14:18]} 8. b4 {[%clk 0:13:45]} Qb5 {[%clk 0:13:51]} 9. a4
{[%clk 0:13:42]} Qc6 {[%clk 0:13:16]} 10. Nf3 {[%clk 0:13:01]} Be7
{[%clk 0:12:50]} 11. O-O {[%clk 0:13:04]} O-O {[%clk 0:11:44]} 12. Rd1
{[%clk 0:12:20]} d6 {[%clk 0:10:26]} 13. b5 {[%clk 0:11:44]} Qc7 {[%clk 0:07:11]}
14. Qxd5 {[%clk 0:10:11]} Rd8 {[%clk 0:04:29]} 15. Ng5 {[%clk 0:09:16]} Bf8
{[%clk 0:03:07]} 16. Bf4 {[%clk 0:06:31]} h6 {[%clk 0:02:22]} 17. Ne4
{[%clk 0:04:13]} Be6 {[%clk 0:01:36]} 18. exd6 {[%clk 0:03:52]} Qc8
{[%clk 0:01:08]} 19. Qd4 {[%clk 0:02:53]} Nd7 {[%clk 0:01:03]} 20. Nbd2
{[%clk 0:02:17]} b6 {[%clk 0:00:55]} 21. Nf3 {[%clk 0:01:53]} Qb7
{[%clk 0:00:44]} 22. Ne5 {[%clk 0:01:32]} Nxe5 {[%clk 0:00:45]} 23. Bxe5
{[%clk 0:01:21]} Rac8 {[%clk 0:00:47]} 24. Qe3 {[%clk 0:01:13]} Rc4
{[%clk 0:00:31]} 25. Rd4 {[%clk 0:00:55]} Rcc8 {[%clk 0:00:22]} 26. Rad1
{[%clk 0:00:55]} Rd7 {[%clk 0:00:26]} 27. Qg3 {[%clk 0:00:33]} Kh7
{[%clk 0:00:27]} 28. f4 {[%clk 0:00:29]} Bf5 {[%clk 0:00:30]} 29. Nf2
{[%clk 0:00:20]} f6 {[%clk 0:00:32]} 30. Ng4 {[%clk 0:00:13]} fxe5
{[%clk 0:00:34]} 31. fxe5 {[%clk 0:00:15]} Rf7 {[%clk 0:00:27]} 32. Nf2
{[%clk 0:00:11]} Be6 {[%clk 0:00:28]} 33. Ne4 {[%clk 0:00:14]} Bf5
{[%clk 0:00:22]} 34. Nf2 {[%clk 0:00:15]} Rd8 {[%clk 0:00:23]} 35. c4
{[%clk 0:00:18]} Rc8 {[%clk 0:00:19]} 36. Ng4 {[%clk 0:00:21]} Qd7
{[%clk 0:00:15]} 37. Ne3 {[%clk 0:00:25]} Be6 {[%clk 0:00:17]} 38. h3
{[%clk 0:00:27]} Rc5 {[%clk 0:00:19]} 39. Nd5 {[%clk 0:00:26]} Rf5
{[%clk 0:00:19]} 40. Re1 {[%clk 0:00:26]} Rg5 {[%clk 0:00:19]} 41. Qd3+
{[%clk 0:00:29]} Bf5 {[%clk 0:00:22]} 42. Qf3 {[%clk 0:00:32]} Bxh3
{[%clk 0:00:25]} 43. g3 {[%clk 0:00:19]} Bg4 {[%clk 0:00:26]} 44. Qd3+
{[%clk 0:00:18]} Bf5 {[%clk 0:00:30]} 45. Qe3 {[%clk 0:00:22]} Rg6
{[%clk 0:00:26]} 46. Nf4 {[%clk 0:00:24]} Rg4 {[%clk 0:00:28]} 47. e6
{[%clk 0:00:27]} Bxe6 {[%clk 0:00:23]} 48. Nxe6 {[%clk 0:00:31]} Rc8
{[%clk 0:00:22]} 49. Qd3+ {[%clk 0:00:32]} Rg6 {[%clk 0:00:24]} 50. Nf4
{[%clk 0:00:34]} 1-0

[Event "Championnat de France Universitaire 2017"]
[Site "Strasbourg"]
[Date "2017.01.21"]
[Round "6.1"]
[White "Sochacki, Wojtek"]
[Black "Villegas, Pierre"]
[Result "1/2-1/2"]
[BlackElo "2363"]
[WhiteElo "2347"]
[LiveChessVersion "1.4.8"]

1. d4 {[%clk 0:14:54]} Nf6 {[%clk 0:15:06]} 2. Nf3 {[%clk 0:13:51]} d5
{[%clk 0:14:59]} 3. c4 {[%clk 0:13:50]} e6 {[%clk 0:15:02]} 4. Bg5
{[%clk 0:13:04]} Bb4+ {[%clk 0:14:32]} 5. Bd2 {[%clk 0:12:57]} Be7
{[%clk 0:13:42]} 6. Nc3 {[%clk 0:12:46]} O-O {[%clk 0:13:25]} 7. Rc1
{[%clk 0:12:09]} a6 {[%clk 0:12:31]} 8. cxd5 {[%clk 0:09:08]} exd5
{[%clk 0:12:33]} 9. Bf4 {[%clk 0:09:11]} c6 {[%clk 0:11:38]} 10. e3
{[%clk 0:09:06]} Bf5 {[%clk 0:11:20]} 11. Qb3 {[%clk 0:08:56]} Ra7
{[%clk 0:10:34]} 12. Be2 {[%clk 0:08:11]} Nbd7 {[%clk 0:10:33]} 13. O-O
{[%clk 0:07:55]} h6 {[%clk 0:09:28]} 14. h3 {[%clk 0:07:46]} Qb6 {[%clk 0:09:13]}
15. Nd2 {[%clk 0:07:43]} Ne8 {[%clk 0:08:08]} 16. Qxb6 {[%clk 0:06:20]} Nxb6
{[%clk 0:08:12]} 17. f3 {[%clk 0:05:54]} Bd6 {[%clk 0:07:50]} 18. Bxd6
{[%clk 0:05:49]} Nxd6 {[%clk 0:07:54]} 19. e4 {[%clk 0:05:51]} Be6
{[%clk 0:07:28]} 20. Bd3 {[%clk 0:05:45]} dxe4 {[%clk 0:06:59]} 21. fxe4
{[%clk 0:05:48]} Nb5 {[%clk 0:06:57]} 22. Nxb5 {[%clk 0:05:12]} axb5
{[%clk 0:07:00]} 23. a3 {[%clk 0:05:15]} Ra4 {[%clk 0:06:00]} 1/2-1/2

[Event "Championnat de France Universitaire 2017"]
[Site "Strasbourg"]
[Date "2017.01.21"]
[Round "6.2"]
[White "Aubry, Yannis"]
[Black "Israilov, Sardor"]
[Result "0-1"]
[BlackElo "1948"]
[WhiteElo "2226"]
[LiveChessVersion "1.4.8"]

1. d4 d5 2. c4 c6 3. Nf3 {[%clk 0:15:13]} Nf6 {[%clk 0:15:19]} 4. Nc3 a6 5. e3
{[%clk 0:15:14]} b5 {[%clk 0:15:28]} 6. c5 {[%clk 0:15:18]} g6 {[%clk 0:15:27]}
7. Ne5 {[%clk 0:14:50]} Bg7 {[%clk 0:15:12]} 8. f4 {[%clk 0:14:52]} O-O
{[%clk 0:14:54]} 9. Bd3 {[%clk 0:14:56]} Nfd7 {[%clk 0:14:57]} 10. Qb3
{[%clk 0:12:53]} Kh8 {[%clk 0:14:26]} 11. Nf3 {[%clk 0:09:21]} f6
{[%clk 0:11:43]} 12. e4 {[%clk 0:08:34]} e5 {[%clk 0:10:49]} 13. exd5
{[%clk 0:08:08]} exd4 {[%clk 0:10:49]} 14. Nxd4 {[%clk 0:04:36]} Nxc5
{[%clk 0:10:52]} 15. Qc2 {[%clk 0:04:39]} b4 {[%clk 0:10:26]} 16. Nce2
{[%clk 0:03:12]} Nxd3+ {[%clk 0:10:22]} 17. Qxd3 {[%clk 0:03:16]} Qxd5
{[%clk 0:10:24]} 18. O-O {[%clk 0:03:16]} c5 {[%clk 0:10:23]} 19. Qf3
{[%clk 0:02:49]} Rd8 {[%clk 0:09:42]} 20. Qxd5 {[%clk 0:02:07]} Rxd5
{[%clk 0:09:46]} 21. Nc2 {[%clk 0:02:11]} f5 {[%clk 0:09:06]} 22. Rb1
{[%clk 0:02:15]} Nc6 {[%clk 0:09:02]} 23. Ne3 {[%clk 0:01:52]} Rd3
{[%clk 0:08:56]} 24. Nc4 {[%clk 0:01:19]} Be6 {[%clk 0:08:56]} 25. b3
{[%clk 0:01:21]} Bxc4 {[%clk 0:08:48]} 26. bxc4 {[%clk 0:01:25]} Re8
{[%clk 0:08:46]} 27. Re1 {[%clk 0:00:21]} Nd4 {[%clk 0:08:37]} 28. Rb2 0-1

[Event "Championnat de France Universitaire 2017"]
[Site "Strasbourg"]
[Date "2017.01.21"]
[Round "6.3"]
[White "Loiseau, Quentin"]
[Black "Viennot, Dylan"]
[Result "1-0"]
[BlackElo "2259"]
[WhiteElo "2455"]
[LiveChessVersion "1.4.8"]

1. d4 {[%clk 0:15:07]} e6 {[%clk 0:15:00]} 2. c4 {[%clk 0:15:11]} d5
{[%clk 0:15:04]} 3. Nc3 c6 4. e3 {[%clk 0:15:06]} f5 {[%clk 0:15:09]} 5. Bd3
{[%clk 0:15:07]} Nh6 {[%clk 0:14:54]} 6. Nge2 {[%clk 0:15:01]} Bd6
{[%clk 0:14:48]} 7. f3 {[%clk 0:12:24]} Qh4+ {[%clk 0:13:50]} 8. g3
{[%clk 0:12:17]} Qh3 {[%clk 0:13:33]} 9. Kf2 {[%clk 0:10:42]} O-O
{[%clk 0:13:22]} 10. c5 {[%clk 0:08:17]} Bc7 {[%clk 0:13:14]} 11. Nf4
{[%clk 0:08:21]} Bxf4 {[%clk 0:13:16]} 12. exf4 {[%clk 0:08:25]} b6
{[%clk 0:12:29]} 13. b4 {[%clk 0:08:19]} Nd7 {[%clk 0:10:46]} 14. Qe2
{[%clk 0:07:18]} Nf6 {[%clk 0:10:45]} 15. Rb1 {[%clk 0:06:21]} Rb8
{[%clk 0:10:37]} 16. Bd2 {[%clk 0:06:12]} Bd7 {[%clk 0:10:03]} 17. Qf1
{[%clk 0:05:52]} Qh5 {[%clk 0:10:01]} 18. a4 {[%clk 0:05:23]} Qf7
{[%clk 0:08:19]} 19. Qe2 {[%clk 0:04:38]} Qe7 {[%clk 0:06:05]} 20. Kg2
{[%clk 0:04:37]} Be8 {[%clk 0:05:03]} 21. Rhe1 {[%clk 0:04:29]} bxc5
{[%clk 0:05:06]} 22. bxc5 {[%clk 0:04:08]} Rxb1 {[%clk 0:05:07]} 23. Rxb1
{[%clk 0:04:11]} Bh5 {[%clk 0:05:06]} 24. Qe1 {[%clk 0:03:26]} Nf7
{[%clk 0:03:19]} 25. a5 {[%clk 0:02:44]} Qc7 {[%clk 0:03:09]} 26. a6
{[%clk 0:02:44]} Rb8 {[%clk 0:03:11]} 27. Rxb8+ {[%clk 0:02:25]} Qxb8
{[%clk 0:03:16]} 28. Qxe6 {[%clk 0:02:27]} Kf8 {[%clk 0:02:02]} 29. Qe1
{[%clk 0:01:59]} Nh6 {[%clk 0:01:19]} 30. Qb1 {[%clk 0:01:54]} Qxb1
{[%clk 0:01:23]} 31. Nxb1 {[%clk 0:01:52]} Be8 {[%clk 0:01:27]} 32. Ba5
{[%clk 0:01:56]} Bd7 {[%clk 0:00:56]} 33. Bb6 {[%clk 0:01:59]} Bc8
{[%clk 0:00:59]} 34. Bxa7 {[%clk 0:02:02]} Ke7 {[%clk 0:00:32]} 35. Bb8
{[%clk 0:02:04]} Kd7 {[%clk 0:00:33]} 36. Nc3 {[%clk 0:02:06]} 1-0

[Event "Championnat de France Universitaire 2017"]
[Site "Strasbourg"]
[Date "2017.01.21"]
[Round "6.4"]
[White "Lemeille, Francois"]
[Black "Abdelmoumen, Oussama"]
[Result "1/2-1/2"]
[BlackElo "1932"]
[WhiteElo "2072"]
[LiveChessVersion "1.4.8"]

1. e4 {[%clk 0:15:07]} c5 {[%clk 0:15:08]} 2. Nf3 {[%clk 0:15:10]} g6
{[%clk 0:15:11]} 3. Nc3 {[%clk 0:15:06]} Bg7 {[%clk 0:15:13]} 4. d4
{[%clk 0:15:08]} cxd4 {[%clk 0:15:16]} 5. Nxd4 {[%clk 0:15:11]} Nc6
{[%clk 0:15:20]} 6. Be3 {[%clk 0:15:14]} Nf6 {[%clk 0:15:23]} 7. Be2
{[%clk 0:15:09]} O-O {[%clk 0:15:13]} 8. Nb3 {[%clk 0:13:35]} d6 {[%clk 0:14:41]}
9. O-O {[%clk 0:13:34]} Na5 {[%clk 0:13:02]} 10. Qd2 {[%clk 0:12:04]} Ng4
{[%clk 0:11:57]} 11. Bg5 {[%clk 0:11:02]} Nc6 {[%clk 0:09:29]} 12. h3
{[%clk 0:10:37]} Nf6 {[%clk 0:09:22]} 13. Bh6 {[%clk 0:10:00]} a5
{[%clk 0:09:12]} 14. Bxg7 {[%clk 0:09:56]} Kxg7 {[%clk 0:09:16]} 15. a4
{[%clk 0:08:23]} Be6 {[%clk 0:08:31]} 16. Nd4 {[%clk 0:08:08]} Bd7
{[%clk 0:08:19]} 17. b3 {[%clk 0:05:35]} Rc8 {[%clk 0:08:19]} 18. Nxc6
{[%clk 0:04:40]} Bxc6 {[%clk 0:08:17]} 19. Bd3 {[%clk 0:04:07]} Qb6
{[%clk 0:07:45]} 20. Rfe1 {[%clk 0:03:55]} Qc5 {[%clk 0:07:27]} 21. Re2
{[%clk 0:01:51]} Rc7 {[%clk 0:06:49]} 22. Rae1 {[%clk 0:01:53]} Nd7
{[%clk 0:06:20]} 23. Nb5 {[%clk 0:01:02]} Bxb5 {[%clk 0:06:10]} 24. Bxb5
{[%clk 0:01:06]} b6 {[%clk 0:03:44]} 25. Bxd7 {[%clk 0:01:10]} Rxd7
{[%clk 0:03:48]} 26. c4 {[%clk 0:01:10]} Rfd8 {[%clk 0:02:34]} 27. Rd1
{[%clk 0:00:50]} e6 {[%clk 0:02:06]} 28. Re3 {[%clk 0:00:43]} d5 {[%clk 0:01:59]}
29. exd5 {[%clk 0:00:47]} exd5 {[%clk 0:02:02]} 30. Rd3 {[%clk 0:00:50]} d4
{[%clk 0:01:59]} 31. Qf4 {[%clk 0:00:42]} h6 {[%clk 0:01:42]} 32. Re1
{[%clk 0:00:43]} Qd6 {[%clk 0:01:09]} 33. Qxd6 {[%clk 0:00:27]} Rxd6
{[%clk 0:01:13]} 34. f4 {[%clk 0:00:29]} Kf6 {[%clk 0:00:47]} 35. Kf2
{[%clk 0:00:33]} Re6 {[%clk 0:00:42]} 36. Rxe6+ {[%clk 0:00:35]} Kxe6
{[%clk 0:00:43]} 37. Kf3 {[%clk 0:00:36]} f5 {[%clk 0:00:30]} 38. g4
{[%clk 0:00:38]} Ke5 39. Ke4+ 1/2-1/2

[Event "Championnat de France Universitaire 2017"]
[Site "Strasbourg"]
[Date "2017.01.22"]
[Round "7.1"]
[White "Israilov, Sardor"]
[Black "Loiseau, Quentin"]
[Result "0-1"]
[BlackElo "2455"]
[WhiteElo "1948"]
[LiveChessVersion "1.4.8"]

1. d4 {[%clk 0:15:00]} d5 2. Nf3 Nf6 {[%clk 0:15:08]} 3. Bf4 {[%clk 0:15:06]} c5
{[%clk 0:15:09]} 4. c3 {[%clk 0:15:09]} Nc6 {[%clk 0:14:45]} 5. e3
{[%clk 0:14:52]} Qb6 {[%clk 0:14:46]} 6. Qc2 {[%clk 0:13:09]} Bf5
{[%clk 0:14:29]} 7. dxc5 {[%clk 0:11:24]} Bxc2 {[%clk 0:12:31]} 8. cxb6
{[%clk 0:10:53]} Bxb1 {[%clk 0:05:37]} 9. Rxb1 {[%clk 0:10:57]} axb6
{[%clk 0:05:41]} 10. a3 {[%clk 0:08:59]} O-O-O {[%clk 0:05:40]} 11. Ng5
{[%clk 0:08:16]} e5 {[%clk 0:04:56]} 12. Nxf7 {[%clk 0:08:20]} exf4
{[%clk 0:04:49]} 13. Nxh8 {[%clk 0:08:23]} fxe3 {[%clk 0:03:57]} 14. Nf7
{[%clk 0:08:23]} exf2+ {[%clk 0:04:01]} 15. Kxf2 {[%clk 0:08:08]} Bc5+
{[%clk 0:04:05]} 16. Kg3 {[%clk 0:07:51]} Ne4+ {[%clk 0:04:06]} 17. Kh4
{[%clk 0:06:25]} Rf8 {[%clk 0:04:00]} 18. Ng5 {[%clk 0:05:01]} Be7
{[%clk 0:04:04]} 19. g3 {[%clk 0:03:39]} Bxg5+ {[%clk 0:04:04]} 20. Kh3
{[%clk 0:03:26]} Nf2+ {[%clk 0:04:08]} 21. Kg2 {[%clk 0:03:31]} Nxh1
{[%clk 0:04:11]} 22. Kxh1 {[%clk 0:03:35]} Rf2 {[%clk 0:04:07]} 23. Bh3+
{[%clk 0:03:28]} Kc7 {[%clk 0:04:09]} 24. Rd1 {[%clk 0:03:30]} Rd2
{[%clk 0:03:53]} 25. Rxd2 {[%clk 0:03:23]} Bxd2 {[%clk 0:03:57]} 26. Kg2
{[%clk 0:03:22]} Bc1 {[%clk 0:04:01]} 27. b3 {[%clk 0:03:05]} Bxa3
{[%clk 0:04:03]} 28. Be6 {[%clk 0:02:56]} Kd6 {[%clk 0:04:08]} 29. Bg8
{[%clk 0:03:00]} h6 {[%clk 0:04:12]} 30. h4 {[%clk 0:03:03]} b5 {[%clk 0:04:04]}
31. c4 {[%clk 0:02:54]} bxc4 {[%clk 0:04:06]} 32. bxc4 {[%clk 0:02:58]} d4
{[%clk 0:04:10]} 33. Kf3 {[%clk 0:03:00]} Ke5 {[%clk 0:04:13]} 34. Bd5
{[%clk 0:03:00]} Bc1 {[%clk 0:04:11]} 35. Ke2 {[%clk 0:03:04]} d3+
{[%clk 0:03:59]} 0-1

[Event "Championnat de France Universitaire 2017"]
[Site "Strasbourg"]
[Date "2017.01.22"]
[Round "7.2"]
[White "Villegas, Pierre"]
[Black "Selebran, Henri"]
[Result "1-0"]
[BlackElo "2058"]
[WhiteElo "2363"]
[LiveChessVersion "1.4.8"]

1. d4 {[%clk 0:15:07]} Nf6 {[%clk 0:15:08]} 2. c4 {[%clk 0:15:11]} e6
{[%clk 0:15:11]} 3. Nc3 {[%clk 0:15:14]} Bb4 {[%clk 0:15:12]} 4. e3
{[%clk 0:15:16]} b6 {[%clk 0:14:54]} 5. Nge2 {[%clk 0:15:15]} c5 {[%clk 0:14:46]}
6. a3 {[%clk 0:15:11]} Ba5 {[%clk 0:14:46]} 7. Rb1 {[%clk 0:15:00]} Nc6
{[%clk 0:13:36]} 8. d5 {[%clk 0:13:45]} Bxc3+ {[%clk 0:11:54]} 9. Nxc3
{[%clk 0:13:48]} Ne5 {[%clk 0:11:44]} 10. f4 {[%clk 0:10:21]} Ng6
{[%clk 0:11:27]} 11. Bd3 {[%clk 0:09:59]} exd5 {[%clk 0:10:10]} 12. cxd5
{[%clk 0:10:03]} O-O {[%clk 0:09:58]} 13. O-O {[%clk 0:10:05]} d6
{[%clk 0:09:07]} 14. b3 {[%clk 0:09:21]} a6 {[%clk 0:07:24]} 15. a4
{[%clk 0:08:38]} Re8 {[%clk 0:06:56]} 16. e4 {[%clk 0:07:57]} Bd7
{[%clk 0:05:27]} 17. Kh1 {[%clk 0:07:03]} b5 {[%clk 0:05:15]} 18. axb5
{[%clk 0:07:07]} axb5 {[%clk 0:05:16]} 19. b4 {[%clk 0:07:11]} c4
{[%clk 0:05:04]} 20. Bc2 {[%clk 0:07:13]} Ng4 {[%clk 0:04:35]} 21. g3
{[%clk 0:05:54]} Qb6 {[%clk 0:04:21]} 22. Qf3 {[%clk 0:05:45]} h5
{[%clk 0:03:37]} 23. h3 {[%clk 0:04:11]} Nf6 {[%clk 0:03:34]} 24. Kg2
{[%clk 0:04:14]} Re7 {[%clk 0:03:04]} 25. Be3 {[%clk 0:03:52]} Qb7
{[%clk 0:02:59]} 26. Bd4 {[%clk 0:03:55]} Ra3 {[%clk 0:02:44]} 27. Ra1
{[%clk 0:02:03]} Qa6 {[%clk 0:02:32]} 28. Rxa3 {[%clk 0:02:07]} Qxa3
{[%clk 0:02:34]} 29. Bxf6 {[%clk 0:01:59]} gxf6 {[%clk 0:02:37]} 30. Rb1
{[%clk 0:01:59]} h4 {[%clk 0:02:19]} 31. e5 {[%clk 0:01:16]} f5 {[%clk 0:01:32]}
32. exd6 {[%clk 0:00:59]} Re8 {[%clk 0:01:36]} 33. Nd1 {[%clk 0:00:34]} Qa7
{[%clk 0:01:07]} 34. Qf2 {[%clk 0:00:27]} Qa3 {[%clk 0:00:56]} 35. gxh4
{[%clk 0:00:25]} Kg7 {[%clk 0:00:31]} 36. h5 {[%clk 0:00:22]} Rh8
{[%clk 0:00:27]} 37. Qg3 {[%clk 0:00:14]} Qxg3+ {[%clk 0:00:25]} 38. Kxg3
{[%clk 0:00:18]} Rxh5 {[%clk 0:00:27]} 39. Nc3 {[%clk 0:00:13]} Rh8
{[%clk 0:00:22]} 40. Ra1 {[%clk 0:00:10]} Rb8 {[%clk 0:00:15]} 41. Ra7
{[%clk 0:00:13]} Nf8 {[%clk 0:00:18]} 42. Ne2 {[%clk 0:00:15]} Kf6
{[%clk 0:00:19]} 43. Nd4 {[%clk 0:00:19]} Rb6 {[%clk 0:00:19]} 44. Ra8
{[%clk 0:00:16]} Kg7 {[%clk 0:00:13]} 45. Bxf5 {[%clk 0:00:08]} Rxd6
{[%clk 0:00:16]} 46. Be4 {[%clk 0:00:10]} Rb6 {[%clk 0:00:14]} 47. Rd8
{[%clk 0:00:09]} Rb7 {[%clk 0:00:07]} 48. f5 {[%clk 0:00:13]} Rb6
{[%clk 0:00:10]} 49. Kf4 {[%clk 0:00:15]} Ra6 {[%clk 0:00:08]} 50. Ke5
{[%clk 0:00:18]} f6+ {[%clk 0:00:10]} 51. Kf4 {[%clk 0:00:22]} Ra4
{[%clk 0:00:09]} 52. Ne6+ {[%clk 0:00:25]} Bxe6 {[%clk 0:00:00]} 1-0

[Event "Championnat de France Universitaire 2017"]
[Site "Strasbourg"]
[Date "2017.01.22"]
[Round "7.3"]
[White "Pieri, Pierre-Louis"]
[Black "Sochacki, Wojtek"]
[Result "0-1"]
[BlackElo "2347"]
[WhiteElo "2126"]
[LiveChessVersion "1.4.8"]

1. e4 {[%clk 0:15:07]} c5 {[%clk 0:15:08]} 2. Nf3 {[%clk 0:15:08]} d6
{[%clk 0:15:12]} 3. d4 {[%clk 0:14:55]} cxd4 {[%clk 0:15:14]} 4. Nxd4
{[%clk 0:14:59]} Nf6 {[%clk 0:15:12]} 5. Nc3 {[%clk 0:15:03]} g6 {[%clk 0:15:16]}
6. Be3 {[%clk 0:15:03]} Bg7 {[%clk 0:15:21]} 7. f3 {[%clk 0:15:04]} O-O
{[%clk 0:15:24]} 8. Qd2 {[%clk 0:15:08]} Nc6 {[%clk 0:15:28]} 9. O-O-O
{[%clk 0:15:11]} d5 {[%clk 0:15:32]} 10. Kb1 {[%clk 0:15:16]} Nxd4
{[%clk 0:15:30]} 11. Bxd4 {[%clk 0:14:50]} dxe4 {[%clk 0:14:55]} 12. Bxf6
{[%clk 0:12:38]} Qxd2 {[%clk 0:14:57]} 13. Rxd2 {[%clk 0:12:41]} Bxf6
{[%clk 0:13:41]} 14. Nxe4 {[%clk 0:12:45]} Be5 {[%clk 0:13:18]} 15. Bb5
{[%clk 0:11:11]} Bf5 {[%clk 0:09:46]} 16. Ng3 {[%clk 0:09:58]} Be6
{[%clk 0:08:37]} 17. Bd7 {[%clk 0:09:11]} Rfd8 {[%clk 0:08:00]} 18. Rhd1
{[%clk 0:09:13]} Bc4 {[%clk 0:07:40]} 19. b3 {[%clk 0:08:48]} Ba6
{[%clk 0:07:45]} 20. c4 {[%clk 0:07:00]} Bc7 {[%clk 0:06:26]} 21. a4
{[%clk 0:04:58]} b6 {[%clk 0:05:34]} 22. Ne4 {[%clk 0:01:53]} Bb7
{[%clk 0:05:21]} 23. h3 {[%clk 0:01:54]} a6 {[%clk 0:04:06]} 24. Nc3
{[%clk 0:01:17]} e6 {[%clk 0:04:07]} 25. b4 {[%clk 0:01:01]} Kf8 {[%clk 0:04:02]}
26. c5 {[%clk 0:00:49]} bxc5 {[%clk 0:04:06]} 27. bxc5 {[%clk 0:00:53]} Ba5
{[%clk 0:04:10]} 28. Kc2 {[%clk 0:00:58]} Bb4 {[%clk 0:03:03]} 29. c6
{[%clk 0:00:45]} Bxc6 {[%clk 0:03:07]} 30. Bxc6 {[%clk 0:00:29]} Rxd2+
{[%clk 0:03:10]} 31. Rxd2 {[%clk 0:00:19]} Rc8 {[%clk 0:03:15]} 32. Rd4
{[%clk 0:00:10]} Bxc3 {[%clk 0:03:12]} 33. Kxc3 {[%clk 0:00:15]} Rxc6+
{[%clk 0:03:16]} 34. Kb4 {[%clk 0:00:13]} Ke7 {[%clk 0:03:02]} 35. Ka5
{[%clk 0:00:15]} e5 36. Rb4 f5 {[%clk 0:02:52]} 37. Rb7+ {[%clk 0:00:18]} Kf6
{[%clk 0:02:54]} 38. Rxh7 {[%clk 0:00:13]} e4 {[%clk 0:02:58]} 39. fxe4
{[%clk 0:00:13]} fxe4 {[%clk 0:03:02]} 40. Rd7 {[%clk 0:00:09]} e3
{[%clk 0:02:54]} 41. Rd1 {[%clk 0:00:11]} Kf5 {[%clk 0:02:50]} 42. Kb4
{[%clk 0:00:15]} Ke4 {[%clk 0:02:29]} 43. Rd8 {[%clk 0:00:14]} e2
{[%clk 0:02:31]} 44. Re8+ {[%clk 0:00:18]} Kd3 {[%clk 0:02:36]} 45. Rd8+
{[%clk 0:00:19]} Ke3 {[%clk 0:02:40]} 46. Re8+ {[%clk 0:00:19]} Kf2
{[%clk 0:02:44]} 47. Rf8+ {[%clk 0:00:19]} Kxg2 {[%clk 0:02:48]} 48. Re8
{[%clk 0:00:22]} Kf1 {[%clk 0:02:16]} 49. Rf8+ {[%clk 0:00:26]} Ke1
{[%clk 0:02:19]} 50. a5 {[%clk 0:00:15]} Rd6 {[%clk 0:02:14]} 51. Kc5
{[%clk 0:00:12]} Rd3 {[%clk 0:02:09]} 52. Kc4 {[%clk 0:00:07]} Rd7
{[%clk 0:01:52]} 53. Rb8 Kd2 {[%clk 0:01:29]} 54. Rb2+ {[%clk 0:00:07]} Ke3
{[%clk 0:01:33]} 55. Rb3+ {[%clk 0:00:10]} Kf4 {[%clk 0:01:28]} 56. Rb1
{[%clk 0:00:12]} Rd1 {[%clk 0:01:31]} 57. Kd4 Ke5+ 0-1